Statystyki dla Korona ziemi

Kliknij tutaj aby rozwiązać quiz!

Ogólne statystyki

  • Ten quiz został rozwiązany 47 razy
  • Średni wynik to 5 z 8

Statystyki odpowiedzi

HintOdpowiedź% Poprawnych
AzjaMount Everest
97%
AfrykaKilimandżaro
91%
AustraliaGóra Kościuszki
76%
EuropaMont Blanc
70%
Ameryka PołudniowaAconcagua
52%
Ameryka PółnocnaMcKinley
48%
AntarktydaMasyw Vinsona
30%
OceaniaPuncak Jaya
24%

Rozkład punktacji

Percentyl według liczby udzielonych odpowiedzi

Procent ludzi z każdym wynikiem

Twoja historia wyników

Nie rozwiązałeś tego quizu